000 03650cam a2200541 i 4500
003 PE-LiUPU
005 20250731173054.0
008 170412s2017 ne b 001 0 eng
020 _a9789004346697
_q(hardback ;
_qalk. paper)
035 _a(Sirsi) i9789004346697
040 _aDLC
_beng
_erda
_cDLC
_dERASA
_dBTCTA
_dYDX
_dOCLCF
_dOCLCO
_dOHX
_dCHVBK
_dOCLCO
_dYUS
_dOCLCQ
_dZID
_dPE-LiUPU
049 _aPRUA
082 0 4 _a200.89
_bH2
_223
245 0 0 _aHandbook of indigenous religion(s) /
_cedited by Greg Johnson, Siv Ellen Kraft.
264 1 _aBoston :
_bBrill,
_c2017.
300 _ax, 408 páginas ;
_c25 centímetros.
336 _atext
_2rdacontent
337 _aunmediated
_2rdamedia
338 _avolume
_2rdacarrier
490 1 _aBrill handbooks on contemporary religion ;
_v15
504 _aRefencias al final de cada capítulo.
504 _aÍndice : páginas 387-408.
505 0 _aTowards a typology of academic uses of 'indigenous religion(s)', or eight (or nine) language games that scholars play with this phrase -- Religion as peoplehood : Native American religious traditions and the discourse of indigenous rights -- U.N.--discourse on indigenous religion -- Indigenous feature film : a pathway for indigenous religion? -- Sounds indigenous : negotiating identity in an era of world music -- Not real Christians? on the relation between Christianity and indigenous religions in Amazonia and beyond -- Timing indigenous culture and religion : tales of conversion and ecological salvation from the Amazon -- Materializing and performing Hawaiian religion(s) on Mauna Kea -- Becoming human : 'urban Indian' decolonization and regeneration in the land of enchantment -- Global indigeneity and local Christianity : performing O'odham identity in the present -- Spiritual, not religious ; dene, not indigenous -- Unsettled natives in the Newfoundland imaginary -- The Shamanic festival Isogaisa (Norway) : religious meaning-making in the present -- Are Adivasis indigenous? -- Is Hinduism the world's largest indigenous religion? -- Literacy as advocacy in the Donyipolo movement of Northeast India -- Ethnographies returned : the mobilization of ethnographies and the politicization of indigeneity in Ifugao, the Philippines -- The beginning of a long journey : maintaining and reviving the ancestral religion among the Ainu in Japan -- Replacing 'religion' with indigenous spirit : grounding Australian indigenous identity in wider worlds -- Of ruins and revival : heritage formation and Khoisan indigenous identity in post-apartheid South Africa -- Global intentions and local conflicts : the rise and fall of Ambuya Juliana in Zimbabwe.
526 _aSEG42
526 _aSEG41
526 _aSEG40
526 _aSEG39
526 _aP94
526 _aP87
526 _aP86
526 _aP85
526 _aP77
526 _aP76
526 _aP35
541 _20180305;
650 7 _aPueblos indígenas
_xReligión.
650 4 _aReligiones.
650 7 _aIndigenous peoples
_xReligion.
650 4 _aReligions.
700 1 _aJohnson, Greg,
_d1971-,
_eeditor.
700 1 _aKraft, Siv Ellen,
_eeditor.
910 _adbm
_bncf
_cncf
_d20180309
942 _2ddc
_cBOOK
949 _a200.89 H2
_wDEWEY
_c1
_i78315
_lCATALOGING
_mBUL
_p208.72
_r0
_sY
_tBOOK
_u2018-01-09
_xTEOLOGIA
_PP35
_0COMPRA
_o.STAFF. Colección Teología.
994 _aC0
_bPEPRU
596 _a1
999 _a200.89 H2
_wDEWEY
_c27134
_i78315
_f2021-11-9
_g4
_lCCODEBUL1
_mBUL
_p208.72
_r0
_sY
_tBOOK
_u2018-1-9
_xTEOLOGIA
_PP35
_0COMPRA
_o.STAFF. Colección Teología.
_d27134
980 _81
_gALBERTO SANCHEZ Responsable de Automatización